000 00592nam a2200181 a 4500
001 000042051
005 20201002035916.0
008 131112s1975 sp 000 0 spa d
040 _aDO-SdBNP
_bspa
_cBNPHU
082 _axxxxx
_bxxxxx
100 1 _aCaldwell, Taylor
_948620
240 1 0 _aThe romance of atlantis
245 1 3 _aLa leyenda de atlántida /
_cTaylor Caldwell, Jess Stearn ; traducción Amparo García Burgos.
260 _aBarcelona :
_bEdiciones Grijaldo,
_c1975.
300 _a343 p. ;
_c20 cm.
700 1 _aStearn, Jess
_969040
700 1 _aGarcía Burgos, Amparo,
_etr.
_911078
999 _c41540
_d41540